[Event "Open de Louviers"]
[Site "Louviers"]
[Date "2004.05.30"]
[Round "3"]
[White "Canu, Alban"]
[Black "Duc, Marie-Christine"]
[Result "1-0"]
[WhiteElo "1810"]
[BlackElo "1480"]
[PlyCount "115"]

1. e4 e6 2. d4 d5 3. Nd2 c5 4. Ngf3 Nc6 5. Bb5 Bd7 6. O-O cxd4 7. Bxc6 Bxc6 8.
Nxd4 Bd6 9. Qg4 Nf6 10. Qe2 Qc7 11. h3 O-O 12. exd5 Nxd5 13. Nxc6 Qxc6 14. Ne4
Be7 15. c3 Rad8 16. Re1 Rfe8 17. Ng3 Nf6 18. Bg5 Nd5 19. Bxe7 Nxe7 20. Rad1 Ng6
21. Qg4 Rxd1 22. Rxd1 Ne5 23. Qd4 f6 24. Qxa7 Nc4 25. b3 Nb2 26. Rc1 Rd8 27.
Qe3 Rd3 28. Qe2 Rxc3 29. Rxc3 Qxc3 30. Qxe6+ Kf8 31. Nf5 Qc1+ 32. Kh2 Qc7+ 33.
Qd6+ Qxd6+ 34. Nxd6 b6 35. Nc8 b5 36. Nd6 b4 37. Nb5 Nd3 38. a4 bxa3 39. Nxa3
Nxf2 40. Kg3 Ne4+ 41. Kf4 Nd6 42. Nc4 Nb5 43. Ke4 Ke7 44. Kd5 Kd7 45. Kc5 Nc7
46. Nb6+ Kd8 47. Nd5 Nxd5 48. Kxd5 Kd7 49. b4 f5 50. Ke5 g6 51. Kf6 Kc6 52. Kg7
Kb5 53. Kxh7 g5 54. Kg6 Kxb4 55. Kxf5 Kc5 56. Kxg5 Kd5 57. Kf6 Ke4 58. g4 1-0

[Event "Open de Louviers"]
[Site "Louviers"]
[Date "2004.05.30"]
[Round "3"]
[White "Lebert, Eric"]
[Black "Dallery, Christophe"]
[Result "1/2-1/2"]
[WhiteElo "1490"]
[BlackElo "1770"]
[PlyCount "95"]

1. e4 c5 2. Nf3 d6 3. d4 cxd4 4. Nxd4 Nf6 5. Nc3 a6 6. f3 e5 7. Nb3 Be6 8. Be3
d5 9. Nxd5 Bxd5 10. exd5 Nxd5 11. Bf2 Nc6 12. c3 Be7 13. Be2 O-O 14. O-O Nf4
15. Qc2 Nxe2+ 16. Qxe2 Qc7 17. Bc5 Rfe8 18. Bxe7 Qxe7 19. Nd2 Kh8 20. Ne4 f5
21. Nf2 Qe6 22. Rfe1 Re7 23. Nd3 Rae8 24. Kf2 Qf6 25. Kg1 e4 26. fxe4 Rxe4 27.
Qf2 Ne5 28. Rxe4 fxe4 29. Qxf6 gxf6 30. Nxe5 Rxe5 31. Kf2 Kg7 32. Rd1 Re7 33.
g4 Kg6 34. Rd5 Re6 35. Ke3 Rb6 36. b4 Rc6 37. Rc5 Rd6 38. Kxe4 Rd2 39. h4 Rxa2
40. h5+ Kh6 41. Kf5 Rf2+ 42. Ke6 Rg2 43. Kxf6 Rxg4 44. c4 Rh4 45. Ke6 Rd4 46.
Rc7 Kxh5 47. Rxh7+ Kg6 48. Rc7 1/2-1/2

[Event "Open de Louviers"]
[Site "Louviers"]
[Date "2004.05.30"]
[Round "3"]
[White "Bordelet, Louis"]
[Black "Vine, Romain"]
[Result "1/2-1/2"]
[WhiteElo "1760"]
[BlackElo "1430"]
[PlyCount "79"]

1. e4 e5 2. Nf3 Nc6 3. Bb5 Nf6 4. O-O a6 5. Ba4 b5 6. Bb3 d6 7. c3 Na5 8. Bc2
c5 9. d4 cxd4 10. cxd4 exd4 11. Nxd4 Be7 12. Nd2 O-O 13. b3 Bb7 14. Re1 Nc6 15.
Bb2 Nxd4 16. Bxd4 Rc8 17. Rc1 Qd7 18. Nf3 Rfe8 19. Qd3 g6 20. h3 Bd8 21. Nd2
Qc6 22. Bb1 Qd7 23. f3 Rxc1 24. Rxc1 Be7 25. Bb2 Rc8 26. Re1 Re8 27. Kh1 Bd8
28. Qd4 Qe6 29. Qf2 Qd7 30. Rd1 Qe6 31. Nf1 d5 32. e5 Nd7 33. f4 f5 34. Bd4 Bb6
35. Nd2 Bxd4 36. Qxd4 Rc8 37. Nf3 h6 38. Ne1 Nc5 39. Nd3 Nxd3 40. Qxd3 1/2-1/2

[Event "Open de Louviers"]
[Site "Louviers"]
[Date "2004.05.30"]
[Round "3"]
[White "Pizzo, Simon"]
[Black "Colard, Eric"]
[Result "0-1"]
[WhiteElo "1440"]
[BlackElo "1710"]
[PlyCount "72"]

1. e4 e5 2. Nf3 Nc6 3. Bb5 a6 4. Ba4 Nf6 5. O-O Be7 6. Re1 b5 7. Bb3 d6 8. c3
O-O 9. h3 Bb7 10. d4 Re8 11. Nbd2 Bf8 12. Ng5 Re7 13. Nf1 h6 14. Nf3 exd4 15.
Nxd4 Rxe4 16. Rxe4 Nxe4 17. Nf5 Qf6 18. Qg4 Ng5 19. h4 Bc8 20. hxg5 Qxf5 21.
Qxf5 Bxf5 22. gxh6 gxh6 23. Ne3 Bg6 24. Ng4 h5 25. Nf6+ Kg7 26. Nd5 Na5 27.
Nxc7 Nxb3 28. Nxa8 Nxa1 29. Nc7 Nc2 30. Nxa6 Kf6 31. f3 Ke5 32. Kf2 Be7 33. Ke2
Bh4 34. b4 Ne1 35. a4 bxa4 36. b5 Bd3+ 0-1

[Event "Open de Louviers"]
[Site "Louviers"]
[Date "2004.05.30"]
[Round "3"]
[White "Varin, Joel"]
[Black "Totain, Christian"]
[Result "0-1"]
[WhiteElo "1710"]
[BlackElo "1420"]
[PlyCount "118"]

1. e4 e5 2. Nf3 Nc6 3. Bb5 d6 4. O-O Nf6 5. Re1 Be7 6. c3 a6 7. Ba4 Bd7 8. d4
b5 9. Bc2 O-O 10. Nbd2 Bg4 11. h3 Bh5 12. Nf1 exd4 13. cxd4 Bxf3 14. gxf3 Qc8
15. Kh2 h6 16. Ng3 Nh7 17. f4 Kh8 18. e5 dxe5 19. dxe5 Qd8 20. Be4 Qxd1 21.
Rxd1 Rad8 22. Be3 Nb8 23. Nf5 Bb4 24. a3 Ba5 25. Bc5 Rfe8 26. Bd5 Rd7 27. Ba2
Red8 28. Rxd7 Rxd7 29. e6 fxe6 30. Bxe6 Rd2 31. Bd4 Nf6 32. Rc1 Re2 33. Bf7 Bd2
34. Rc2 Bxf4+ 35. Kg2 Rxc2 36. Ne7 Bd6 37. Nf5 Nc6 38. Bc3 Be5 39. Ne3 Rc1 40.
Bd2 Ra1 41. f4 Bxb2 42. Nc2 Rd1 43. Be3 Ne7 44. Bb3 Rd3 45. Bf7 Nfd5 46. Bf2
Nxf4+ 47. Kf1 Nxh3 48. Ke2 Rd8 49. Bc5 Ng8 50. Ne3 Ng5 51. Bg6 Nf6 52. Bd3 Nge4
53. Bb4 Bc3 54. Be7 Rd7 55. Bb4 Bxb4 56. axb4 c5 57. bxc5 Nxc5 58. Bf5 Re7 59.
Kf3 a5 0-1

[Event "Open de Louviers"]
[Site "Louviers"]
[Date "2004.05.30"]
[Round "3"]
[White "Arinal, Serge"]
[Black "Vine, Thibaut"]
[Result "1/2-1/2"]
[WhiteElo "1420"]
[BlackElo "1690"]
[PlyCount "87"]

1. b3 e5 2. Bb2 d6 3. e3 Nf6 4. d3 Nc6 5. Nd2 Be6 6. g3 Qd7 7. Ngf3 Be7 8. Bg2
Bg4 9. O-O Bh3 10. Re1 Bxg2 11. Kxg2 h5 12. d4 e4 13. Ng5 Qf5 14. f4 d5 15. a3
Nd8 16. c4 Ne6 17. cxd5 Nxg5 18. fxg5 Qxg5 19. Qc2 Qxd5 20. Qxc7 Bd6 21. Qc4
Qf5 22. Rf1 Qd7 23. d5 Rc8 24. Qd4 Qg4 25. Qa4+ Ke7 26. Bxf6+ gxf6 27. Qxe4+
Qxe4+ 28. Nxe4 Be5 29. Rad1 Rcd8 30. d6+ Bxd6 31. Rxd6 Rxd6 32. Nxd6 Kxd6 33.
Rxf6+ Ke7 34. Rf5 Rh6 35. Ra5 a6 36. Re5+ Kd6 37. Ra5 h4 38. g4 Re6 39. Kf3 Re5
40. Ra4 Rb5 41. Rd4+ Ke6 42. Re4+ Kd6 43. b4 Rd5 44. Rf4 1/2-1/2

[Event "Open de Louviers"]
[Site "Louviers"]
[Date "2004.05.30"]
[Round "3"]
[White "Bordelet, Arthur"]
[Black "Wielezynski, Olivier"]
[Result "1/2-1/2"]
[WhiteElo "1410"]
[BlackElo "1660"]
[PlyCount "55"]

1. e4 c5 2. Nf3 d6 3. Bc4 Nf6 4. Nc3 g6 5. O-O Bg7 6. d3 O-O 7. Re1 Nc6 8. Bg5
Na5 9. Bb5 a6 10. Ba4 b5 11. Bb3 Nxb3 12. axb3 Bb7 13. Ne2 h6 14. Bh4 g5 15.
Bg3 Nh5 16. Rb1 f5 17. exf5 Rxf5 18. Nd2 e5 19. h3 Qf6 20. Rf1 Rf8 21. c4 Nxg3
22. fxg3 Rf2 23. Ne4 Rxf1+ 24. Qxf1 Qxf1+ 25. Rxf1 Rxf1+ 26. Kxf1 Bxe4 27. dxe4
Kf7 28. Nc3 1/2-1/2

[Event "Open de Louviers"]
[Site "Louviers"]
[Date "2004.05.30"]
[Round "3"]
[White "Leguillon, David"]
[Black "Frigere, Guy"]
[Result "0-1"]
[WhiteElo "1620"]
[BlackElo "1380"]
[PlyCount "88"]

1. d4 d5 2. Nf3 Nf6 3. e3 Bg4 4. Bd3 e6 5. O-O Bd6 6. Nbd2 Nbd7 7. e4 dxe4 8.
Nxe4 Nxe4 9. Bxe4 c6 10. c3 Nf6 11. Bg5 h6 12. Bh4 g5 13. Bg3 Nxe4 14. Bxd6
Qxd6 15. Qd3 Bf5 16. Qc4 f6 17. Rfe1 h5 18. Re2 O-O-O 19. Ne1 g4 20. g3 Ng5 21.
Re3 h4 22. Qa4 a6 23. Rd1 hxg3 24. fxg3 Be4 25. Rd2 f5 26. Rf2 Rh7 27. Qa5 Rdh8
28. Rxe4 Nh3+ 29. Kf1 Nxf2 30. Rf4 Rxh2 31. Ng2 Ne4 32. Rxf5 Nxg3+ 33. Kf2 Nxf5
34. Qe5 g3+ 35. Kf3 Qxe5 36. dxe5 Rg8 37. a4 Nh4+ 38. Nxh4 Rxh4 39. b4 g2 40.
c4 Rxc4 41. b5 cxb5 42. a5 Rc3+ 43. Ke2 Ra3 44. Kd2 g1=Q 0-1

[Event "Open de Louviers"]
[Site "Louviers"]
[Date "2004.05.30"]
[Round "3"]
[White "Benchara, Imane"]
[Black "Vine, Guillaume"]
[Result "0-1"]
[WhiteElo "1340"]
[BlackElo "1620"]
[PlyCount "56"]

1. d4 Nf6 2. Bf4 g6 3. e3 Bg7 4. Nc3 d6 5. Nf3 Nc6 6. Bd3 O-O 7. Qd2 Re8 8. O-O
Nh5 9. Rad1 Nxf4 10. exf4 Bg4 11. Be2 Qd7 12. h3 Bxf3 13. Bxf3 Nxd4 14. Qd3
Nxf3+ 15. Qxf3 Qc6 16. Qxc6 bxc6 17. Rfe1 Rab8 18. a3 Rxb2 19. Na4 Rxc2 20. Rc1
Rxc1 21. Rxc1 c5 22. g4 Rb8 23. f5 Rb3 24. fxg6 fxg6 25. h4 Rxa3 26. Nb2 Bxb2
27. h5 Bxc1 28. hxg6 hxg6 0-1

[Event "Open de Louviers"]
[Site "Louviers"]
[Date "2004.05.30"]
[Round "3"]
[White "Grenet, Dominique"]
[Black "Benchara, Sara"]
[Result "1-0"]
[WhiteElo "1600"]
[BlackElo "1160"]
[PlyCount "67"]

1. e4 e5 2. Nf3 Nc6 3. d4 exd4 4. Nxd4 Nxd4 5. Qxd4 Be7 6. Qxg7 Bf6 7. Qg3 Ne7
8. e5 Bg5 9. Bxg5 d5 10. exd6 cxd6 11. Bd3 Rg8 12. Qe3 Bg4 13. O-O d5 14. Re1
d4 15. Qxe7+ Qxe7 16. Bxe7 Be6 17. Bf6 Kd7 18. Nd2 Rg4 19. g3 Rag8 20. Ne4 Rc8
21. Bxd4 f5 22. Nf6+ Kd6 23. Nxg4 fxg4 24. b3 Kd5 25. Bxa7 Ra8 26. Bc4+ Kd6 27.
Rad1+ Ke7 28. Rxe6+ Kf7 29. Rd7+ Kf8 30. Bc5+ Kg8 31. Ree7+ Kf8 32. Rxh7+ Ke8
33. Rxb7 Kd8 34. Rh8# 1-0

[Event "Open de Louviers"]
[Site "Louviers"]
[Date "2004.05.30"]
[Round "3"]
[White "Zakoski, Thomas"]
[Black "Drouineau, Olivier"]
[Result "0-1"]
[WhiteElo "1199"]
[BlackElo "1580"]
[PlyCount "98"]

1. e4 d5 2. exd5 Nf6 3. Nc3 Nxd5 4. Nxd5 Qxd5 5. Qf3 e6 6. Qxd5 exd5 7. d4 Be7
8. Nf3 Nd7 9. Bb5 c6 10. Bd3 O-O 11. Bf5 b6 12. Ne5 Nxe5 13. Bxc8 Raxc8 14.
dxe5 Rfe8 15. O-O Bc5 16. Re1 Bd4 17. c3 Bxe5 18. Re2 Bxh2+ 19. Kf1 Rxe2 20.
Kxe2 Bd6 21. b4 h6 22. g3 Kf8 23. f4 Re8+ 24. Kf2 g6 25. Be3 h5 26. Bd4 c5 27.
bxc5 Bxc5 28. Bxc5+ bxc5 29. Rb1 Re4 30. Rb5 Rc4 31. Rb8+ Kg7 32. Ra8 Ra4 33.
Rc8 Rxa2+ 34. Kf3 c4 35. Ke3 a5 36. Kd4 Rd2+ 37. Ke5 Rd3 38. Rc5 Rxc3 39. Kxd5
Rxg3 40. Rxa5 Rg4 41. Ke4 g5 42. Kf5 gxf4 43. Ke4 Kg6 44. Kf3 f5 45. Rc5 c3 46.
Rxc3 Rg3+ 47. Kxf4 Rxc3 48. Ke5 h4 49. Kd4 Rg3 0-1

[Event "Open de Louviers"]
[Site "Louviers"]
[Date "2004.05.30"]
[Round "3"]
[White "Delengaigne, Gregory"]
[Black "Bidon, Sebastien"]
[Result "0-1"]
[WhiteElo "1170"]
[BlackElo "1499"]
[PlyCount "58"]

1. e4 e6 2. d4 d5 3. e5 c5 4. c3 Nc6 5. Nf3 Qb6 6. Be3 cxd4 7. cxd4 Qxb2 8.
Nbd2 Qb6 9. Bd3 Nb4 10. Qb3 Nxd3+ 11. Qxd3 Bd7 12. O-O Bb5 13. Qb3 Bxf1 14.
Kxf1 Qxb3 15. axb3 Bb4 16. Nb1 Ne7 17. Bd2 Bxd2 18. Nbxd2 h6 19. b4 O-O 20. Nb3
b6 21. b5 a6 22. bxa6 Ra7 23. Nfd2 Rfa8 24. Nb1 Rxa6 25. Rxa6 Rxa6 26. Nc3 Ra3
27. Nb5 Rxb3 28. Nd6 Nf5 29. Nxf5 exf5 0-1

[Event "Open de Louviers"]
[Site "Louviers"]
[Date "2004.05.30"]
[Round "3"]
[White "Gaebel, Cedric"]
[Black "Voegele, Francois-Marie"]
[Result "1/2-1/2"]
[WhiteElo "1300"]
[BlackElo "1499"]
[PlyCount "108"]

1. e4 e5 2. Nf3 d6 3. d3 Nf6 4. Bg5 Be7 5. Bxf6 Bxf6 6. Nc3 Nc6 7. Be2 Be6 8.
O-O O-O 9. Na4 Qe7 10. c3 Bg4 11. d4 exd4 12. Nxd4 Bxe2 13. Qxe2 Nxd4 14. cxd4
Bxd4 15. Rfd1 Be5 16. Nc3 Bxc3 17. bxc3 g5 18. Re1 h6 19. e5 a6 20. exd6 Qxd6
21. Qe7 Qxe7 22. Rxe7 Rac8 23. h3 f6 24. g3 b5 25. f3 c6 26. Re6 Kf7 27. Rd6
Ke7 28. Rad1 Rfd8 29. R6d2 Rxd2 30. Rxd2 c5 31. Re2+ Kf8 32. Re6 Kf7 33. Rxa6
c4 34. Ra7+ Kg6 35. Rb7 Rc5 36. Rb8 Rf5 37. Kg2 h5 38. g4 hxg4 39. hxg4 Re5 40.
Rg8+ Kf7 41. Rh8 Re3 42. Rh7+ Kg6 43. Rb7 Rxc3 44. Rxb5 Rc2+ 45. Kg3 Rxa2 46.
Rc5 Rc2 47. Rc6 c3 48. f4 gxf4+ 49. Kxf4 Rc1 50. g5 Rf1+ 51. Kg4 Rg1+ 52. Kf4
Rf1+ 53. Kg4 Rg1+ 54. Kf4 Rf1+ 1/2-1/2

[Event "Open de Louviers"]
[Site "Louviers"]
[Date "2004.05.30"]
[Round "3"]
[White "Abra, Mohammed"]
[Black "Divry, Sylvie"]
[Result "0-1"]
[WhiteElo "1499"]
[BlackElo "1250"]
[PlyCount "50"]

1. e4 e5 2. Nf3 Nc6 3. Nc3 Bc5 4. Bc4 Nd4 5. Nxd4 Bxd4 6. d3 Nf6 7. Bd2 O-O 8.
O-O d6 9. h3 c6 10. Rb1 d5 11. Bb3 Be6 12. Bg5 h6 13. Bxf6 Qxf6 14. exd5 cxd5
15. Ne2 Qg6 16. Ng3 Qxg3 17. Qf3 Qg5 18. Bxd5 Bf5 19. c3 Bb6 20. Bxb7 Rad8 21.
Rfd1 Rfe8 22. Re1 Rxd3 23. Qe2 Bxh3 24. g3 Qxg3+ 25. Bg2 Qxg2# 0-1

[Event "Open de Louviers"]
[Site "Louviers"]
[Date "2004.05.30"]
[Round "3"]
[White "Medghoul, Bilal"]
[Black "Vallobra, Pierre"]
[Result "0-1"]
[WhiteElo "1280"]
[BlackElo "1419"]
[PlyCount "86"]

1. e4 e5 2. Nf3 Nc6 3. Bc4 Nf6 4. Nc3 Bb4 5. O-O O-O 6. d3 d6 7. Bd2 Nd4 8.
Nxd4 exd4 9. Nd5 Bxd2 10. Qxd2 Nxd5 11. Bxd5 Qf6 12. h3 Qg6 13. g4 c6 14. Bc4
b5 15. Bb3 a5 16. a3 Bb7 17. f4 c5 18. f5 Qh6 19. Qxh6 gxh6 20. Rae1 Rae8 21.
c4 dxc3 22. bxc3 Ba6 23. Rf3 c4 24. dxc4 bxc4 25. Bc2 Bb7 26. Rfe3 Rd8 27. e5
dxe5 28. Rxe5 f6 29. Rxa5 Rd2 30. Ba4 Rg2+ 31. Kf1 Rd8 32. Re2 Rg3 33. Ra7 Bf3
34. Ree7 Rxh3 35. Rxh7 Bd5 36. Rag7+ Kf8 37. Rc7 Rxc3 38. Rh8+ Bg8 39. Bd7 Rd3
40. Be6 Rd1+ 41. Kg2 R1d2+ 42. Kg3 R8d3+ 43. Kh4 Rh2# 0-1

[Event "Open de Louviers"]
[Site "Louviers"]
[Date "2004.05.30"]
[Round "3"]
[White "Gehl, Arnaud"]
[Black "Mougin, Loic"]
[Result "0-1"]
[WhiteElo "1400"]
[BlackElo "1240"]
[PlyCount "55"]

1. d4 d5 2. c3 Nc6 3. e3 Nf6 4. Nf3 Bg4 5. Nh4 Bxd1 6. Kxd1 e5 7. dxe5 Nxe5 8.
Be2 Nfg4 9. Bd3 Nxf2+ 10. Ke2 Nxh1 11. Kf1 Nxd3 12. Bd2 Qxh4 13. g3 Qf6+ 14.
Ke2 Nc1+ 15. Bxc1 Qf2+ 16. Kd1 Qxh2 17. Bd2 Nxg3 18. Be1 Qe2+ 19. Kc1 Qxe1+ 20.
Kc2 Qxe3 21. Na3 Qc5 22. Rd1 Nf5 23. Rd2 d4 24. Rxd4 Nxd4+ 25. Kc1 Nb5 26. b4
Qxc3+ 27. Kd1 O-O-O+ 28. Ke2 {Suite illisible} 0-1

[Event "Open de Louviers"]
[Site "Louviers"]
[Date "2004.05.30"]
[Round "3"]
[White "Becrit, Guy"]
[Black "Locoge, Thierry"]
[Result "1-0"]
[WhiteElo "1240"]
[BlackElo "1330"]
[PlyCount "53"]

1. d4 d5 2. c4 Nf6 3. Nf3 dxc4 4. e3 Bg4 5. Bxc4 e6 6. O-O Bd6 7. h3 Bf5 8. Bd3
Bxd3 9. Qxd3 c6 10. Nc3 O-O 11. e4 c5 12. e5 Nc6 13. exf6 gxf6 14. Bh6 Re8 15.
Rad1 cxd4 16. Nxd4 Rc8 17. Rfe1 Re7 18. Re3 Rd7 19. Rg3+ Kh8 20. Bg7+ Kg8 21.
Bxf6+ Kf8 22. Bxd8 Rcxd8 23. Rg4 Ke7 24. Qxh7 Nxd4 25. Qh4+ Ke8 26. Rdxd4 Be5
27. Rg8# 1-0

[Event "Open de Louviers"]
[Site "Louviers"]
[Date "2004.05.30"]
[Round "3"]
[White "Le Port, Luc"]
[Black "Blaise, Geoffrey"]
[Result "1-0"]
[WhiteElo "1220"]
[BlackElo "1280"]
[PlyCount "27"]

1. e4 e5 2. Bc4 Nf6 3. d3 Bc5 4. Nf3 Nc6 5. Bg5 d6 6. c3 Bg4 7. Nbd2 O-O 8. h3
Bxf3 9. Nxf3 h6 10. h4 hxg5 11. hxg5 Nh7 12. Nd4 exd4 13. Qh5 Nxg5 14. Qh8# 1-0

[Event "Open de Louviers"]
[Site "Louviers"]
[Date "2004.05.30"]
[Round "4"]
[White "Vincent, Didier"]
[Black "Todorov, Todor"]
[Result "0-1"]
[WhiteElo "2150"]
[BlackElo "2497"]
[PlyCount "97"]

{79872kB, GENERAL.ctg
} 1. e4 c5 2. Nf3 Nc6 3. d4 cxd4 4. Nxd4 e5 5. Nf3 Nf6
6. Bc4 Bc5 7. O-O d6 8. Bg5 h6 9. Bxf6 Qxf6 10. Nc3 O-O 11. Nd5 Qd8 12. c3 a6
13. Qd3 Kh8 14. Ne3 a5 15. b3 Ne7 16. Rad1 Ng6 17. g3 Bh3 18. Rfe1 Qb6 19. Rd2
Ne7 20. Nh4 g6 21. Qe2 h5 22. Qf3 Kg7 23. Bf1 Bxe3 24. Qxe3 Qxe3 25. Rxe3 Bxf1
26. Kxf1 Ra6 27. Red3 Rd8 28. Ng2 Kf6 29. Ne3 Ke6 30. Nd5 Nxd5 31. Rxd5 Rc8 32.
c4 Rc5 33. Ke2 a4 34. R5d3 axb3 35. axb3 f5 36. f3 b5 37. cxb5 Rxb5 38. Rc3 Rb4
39. Ke3 Ra3 40. Rdd3 Rb6 41. h4 Ra1 42. Rc7 Re1+ 43. Kf2 fxe4 44. Rdc3 Rb1 45.
fxe4 Rb2+ 46. Kf3 R6xb3 47. g4 Rxc3+ 48. Rxc3 Rh2 49. Kg3 {
encore 5 coups non lisibles} 0-1

[Event "Open de Louviers"]
[Site "Louviers"]
[Date "2004.05.30"]
[Round "4"]
[White "Bersoult, Francois"]
[Black "Medghoul, Sherif"]
[Result "1/2-1/2"]
[WhiteElo "2259"]
[BlackElo "2165"]
[PlyCount "72"]

1. d4 d5 2. c4 c6 3. Nc3 Nf6 4. Nf3 e6 5. e3 Nbd7 6. Bd3 dxc4 7. Bxc4 b5 8. Bd3
Bd6 9. O-O O-O 10. e4 e5 11. Ne2 Re8 12. Bg5 h6 13. Bh4 Bb7 14. Rc1 a6 15. Bb1
exd4 16. Nfxd4 Qc7 17. Nf5 Bxh2+ 18. Kh1 Be5 19. Qc2 c5 20. Nc3 Bf4 21. Rcd1 g6
22. Nd5 Bxd5 23. exd5 gxf5 24. d6 Bxd6 25. Qxf5 Re5 26. Qf3 Rae8 27. Kg1 R5e6
28. Bf5 Re5 29. Qd3 c4 30. Qg3+ Kh8 31. Qf4 Bf8 32. Bxd7 Nxd7 33. Qxf7 Bd6 34.
Bf6+ Nxf6 35. Qxf6+ Qg7 36. Qxd6 R5e6 1/2-1/2

[Event "Open de Louviers"]
[Site "Louviers"]
[Date "2004.05.30"]
[Round "4"]
[White "Bacon, Nicolas"]
[Black "Baron, Daniel"]
[Result "1-0"]
[WhiteElo "2100"]
[BlackElo "2139"]
[PlyCount "37"]

1. e4 d5 2. exd5 Qxd5 3. Nc3 Qa5 4. d4 Nf6 5. Bc4 c6 6. Bd2 Bf5 7. Nf3 e6 8.
Ne4 Qd8 9. Ng3 Bg6 10. h4 h6 11. Ne5 Bh7 12. Qe2 Bg8 13. O-O-O Nbd7 14. Rhe1
Be7 15. Nf5 Bf8 16. Ng6 Rh7 17. Nxf8 Kxf8 18. Bb4+ c5 19. dxc5 1-0

[Event "Open de Louviers"]
[Site "Louviers"]
[Date "2004.05.30"]
[Round "4"]
[White "Baron, Romuald"]
[Black "Vigneron, Frederic"]
[Result "1-0"]
[WhiteElo "1950"]
[BlackElo "2047"]
[PlyCount "109"]

1. d4 g6 2. c4 Bg7 3. e4 d6 4. Nf3 Nf6 5. Nc3 O-O 6. Be2 e5 7. d5 Nbd7 8. Bg5
a5 9. O-O Nc5 10. Nd2 Qe8 11. Nb5 Na6 12. a3 Nd7 13. b4 f5 14. f3 f4 15. Nb3 h6
16. Bh4 g5 17. Bf2 Nf6 18. c5 Qh5 19. cxd6 cxd6 20. Nxd6 Bd7 21. b5 Nc7 22. Nc5
g4 23. Nxd7 g3 24. hxg3 Nxd7 25. g4 Qg6 26. Nf5 Bf6 27. Rc1 Ne8 28. Qb3 Kh7 29.
Rc2 h5 30. Rfc1 hxg4 31. fxg4 Bg5 32. Qh3+ Kg8 33. Bc4 Nd6 34. Bh4 Nxf5 35.
gxf5 Qb6+ 36. Bf2 Qf6 37. d6+ Kg7 38. Be6 Rh8 39. Qg4 Qh6 40. Kf1 f3 41. gxf3
Kf6 42. Rd1 Rac8 43. Rxc8 Rxc8 44. Kg2 Rc2 45. Bxd7 Rxf2+ 46. Kxf2 Qh2+ 47. Qg2
Qf4 48. Qh3 Qe3+ 49. Kf1 Kg7 50. Be6 Qc5 51. f6+ Kg6 52. Qf5+ Kh6 53. Qh3+ Kg6
54. Bf5+ Kxf6 55. Qh8+ 1-0

[Event "Open de Louviers"]
[Site "Louviers"]
[Date "2004.05.30"]
[Round "4"]
[White "Duverne, Jean-Marie"]
[Black "Serano, Vincent"]
[Result "1-0"]
[WhiteElo "2090"]
[BlackElo "1660"]
[PlyCount "89"]

1. e4 g6 2. d4 d6 3. Be3 Bg7 4. Nc3 Nf6 5. Qd2 Nbd7 6. Bh6 O-O 7. Bxg7 Kxg7 8.
h4 c6 9. Bd3 e5 10. Nf3 Nh5 11. O-O-O Qa5 12. g4 Nf4 13. h5 b5 14. dxe5 dxe5
15. Nxe5 b4 16. Qxf4 Qxe5 17. Ne2 a5 18. hxg6 Qxf4+ 19. Nxf4 hxg6 20. g5 Ne5
21. Be2 Bg4 22. Bxg4 Nxg4 23. Rd7 Rh8 24. Ne6+ Kg8 25. Rxh8+ Kxh8 26. Rxf7 Re8
27. Rf8+ Rxf8 28. Nxf8 Nxf2 29. Nxg6+ Kg7 30. Ne7 c5 31. e5 Ne4 32. g6 a4 33.
c4 bxc3 34. b3 axb3 35. axb3 Ng5 36. Kc2 Nf3 37. Nc6 Kxg6 38. Kxc3 Ng5 39. Kc4
Ne6 40. Kd5 Kf7 41. Kd6 Nd4 42. Kd7 Ne6 43. Na5 Nd4 44. Nc4 Ne6 45. Nd6+ 1-0

[Event "Open de Louviers"]
[Site "Louviers"]
[Date "2004.05.30"]
[Round "4"]
[White "Koumba Mounguengui, Jose Evrard"]
[Black "Colard, Eric"]
[Result "1-0"]
[WhiteElo "2090"]
[BlackElo "1710"]
[PlyCount "87"]

1. e4 e5 2. Nf3 Nc6 3. Bc4 Bc5 4. b4 Bb6 5. b5 Na5 6. Bxf7+ Kxf7 7. Nxe5+ Ke8
8. Qh5+ g6 9. Nxg6 hxg6 10. Qxh8 Bxf2+ 11. Kxf2 Qf6+ 12. Qxf6 Nxf6 13. Re1 d6
14. d3 a6 15. a4 Bd7 16. Bd2 axb5 17. axb5 b6 18. Bxa5 bxa5 19. c4 Ng4+ 20. Kg1
Ne5 21. Re3 a4 22. Nd2 Be6 23. h3 g5 24. Nf3 g4 25. Nxe5 dxe5 26. hxg4 Bxg4 27.
Rg3 Be6 28. Rg5 Ke7 29. Rxe5 Kd6 30. Rg5 a3 31. c5+ Ke7 32. d4 Ra4 33. d5 Bf7
34. Re5+ Kf6 35. Rf5+ Ke7 36. Rf3 Rxe4 37. Raxa3 Rc4 38. Rae3+ Kf8 39. d6 cxd6
40. cxd6 Rd4 41. Re7 Rxd6 42. Rfxf7+ Kg8 43. Rd7 Re6 44. Rfe7 1-0

[Event "Open de Louviers"]
[Site "Louviers"]
[Date "2004.05.30"]
[Round "4"]
[White "Gibson, John"]
[Black "GRENET, Dominique"]
[Result "1-0"]
[WhiteElo "2020"]
[BlackElo "1600"]
[PlyCount "76"]

1. d4 Nf6 2. Nf3 e6 3. Nbd2 d5 4. e3 c6 5. Bd3 Bd6 6. O-O O-O 7. Ne5 Nbd7 8. f4
c5 9. c3 Re8 10. g4 g6 11. Qf3 Rf8 12. Kf2 Ne4+ 13. Nxe4 dxe4 14. Bxe4 Qh4+ 15.
Kg2 Nf6 16. Bd2 Rb8 17. Be1 Qh6 18. g5 Qg7 19. gxf6 Qxf6 20. Ng4 Qg7 21. Nf2 f5
22. Bc2 c4 23. Nh3 b5 24. Bg3 Bb7 25. e4 h6 26. Kg1 a5 27. Qe3 b4 28. exf5 Rbe8
29. fxe6 Bd5 30. Be4 Bxe6 31. Nf2 Kh7 32. Rae1 Bf5 33. Qf3 Bd7 34. Ng4 h5 35.
Ne5 Bxe5 36. dxe5 Rxe5 37. Qe2 Ree8 38. Qxh5+ Qh6 1-0

[Event "Open de Louviers"]
[Site "Louviers"]
[Date "2004.05.30"]
[Round "4"]
[White "Drouineau, Olivier"]
[Black "Velasquez, Jean-Luc"]
[Result "0-1"]
[WhiteElo "1580"]
[BlackElo "2014"]
[PlyCount "90"]

1. d4 d5 2. c4 c6 3. Nf3 Nf6 4. Nc3 e6 5. e3 Nbd7 6. a3 Be7 7. Be2 dxc4 8. Bxc4
b5 9. Be2 a6 10. O-O Bb7 11. Qc2 c5 12. dxc5 Nxc5 13. b4 Nce4 14. Nxe4 Bxe4 15.
Qd1 Qc7 16. Qe1 Ng4 17. h3 Bf6 18. Ra2 Bxf3 19. hxg4 Bd5 20. Rd2 Qb7 21. Rxd5
exd5 22. Qd2 Rd8 23. Bf3 O-O 24. Re1 Qc8 25. Bb2 Bxb2 26. Qxb2 Qe6 27. Rd1 Rd6
28. Qb3 Rfd8 29. a4 bxa4 30. Qxa4 Qe5 31. Rd4 Rc8 32. b5 Rc1+ 33. Rd1 Rxd1+ 34.
Bxd1 Qe8 35. Be2 axb5 36. Bxb5 Qb8 37. Bd3 g6 38. f3 Rd8 39. Kf2 Qb2+ 40. Kg3
Qe5+ 41. Kf2 Rb8 42. Qa3 Qb2+ 43. Qxb2 Rxb2+ 44. Kg3 Rb3 45. Ba6 Rxe3 0-1

[Event "Open de Louviers"]
[Site "Louviers"]
[Date "2004.05.30"]
[Round "4"]
[White "Vine, Guillaume"]
[Black "Haudrechy, Daniel"]
[Result "0-1"]
[WhiteElo "1620"]
[BlackElo "1930"]
[PlyCount "150"]

1. e4 c5 2. Nf3 d6 3. d4 cxd4 4. Nxd4 Nf6 5. Nc3 e6 6. Bb5+ Bd7 7. Bxd7+ Qxd7
8. O-O a6 9. Re1 Nc6 10. Bg5 Be7 11. Qd2 Ne5 12. b3 Rc8 13. f4 Ng6 14. Na4 Qc7
15. c4 h6 16. Bxf6 Bxf6 17. Rad1 O-O 18. f5 exf5 19. Nxf5 Be5 20. Nc3 Rcd8 21.
Nd5 Qc5+ 22. Qe3 Qxe3+ 23. Rxe3 Rfe8 24. Nc7 Rf8 25. Nd5 Kh7 26. Red3 b5 27.
cxb5 axb5 28. Nc7 Nf4 29. R3d2 b4 30. Nd5 Ng6 31. Nfe7 Nxe7 32. Nxe7 Rfe8 33.
Nd5 Rb8 34. Rc2 Rec8 35. Rxc8 Rxc8 36. Nxb4 Ra8 37. Rd5 f6 38. Nc6 Rxa2 39.
Nxe5 dxe5 40. Rc5 Rb2 41. Rc3 h5 42. h4 Kh6 43. Kh2 g5 44. hxg5+ Kxg5 45. Rf3
Re2 46. Rg3+ Kh6 47. Rf3 Kg6 48. Rg3+ Kf7 49. Rh3 Rxe4 50. Rxh5 Rb4 51. Rh3 f5
52. Re3 Ke6 53. g3 Kd5 54. Kg2 e4 55. Kf2 Kd4 56. Ke2 Rb8 57. Kd2 Rc8 58. Re1
Rc3 59. Rf1 e3+ 60. Ke2 Rc2+ 61. Kf3 Kd3 62. b4 Kd2 63. Kf4 Rc4+ 64. Kxf5 Rxb4
65. g4 Rb5+ 66. Kf6 Ke2 67. Rf4 Kd3 68. Rf1 e2 69. Rg1 Ke4 70. g5 Rf5+ 71. Kg7
Rf1 72. Rxf1 exf1=Q 73. g6 Qg2 74. Kf7 Qf3+ 75. Ke7 Ke5 0-1

[Event "Open de Louviers"]
[Site "Louviers"]
[Date "2004.05.30"]
[Round "4"]
[White "Bidon, Sebastien"]
[Black "Canu, Alban"]
[Result "1-0"]
[WhiteElo "1499"]
[BlackElo "1810"]
[PlyCount "115"]

1. d4 d5 2. Bg5 h6 3. Bh4 Bf5 4. e3 Nf6 5. Bd3 Bxd3 6. Qxd3 c6 7. c3 Nbd7 8.
Nd2 e5 9. dxe5 Nxe5 10. Qf5 Ned7 11. Ngf3 Be7 12. Bg3 Nc5 13. Qc2 Bd6 14. Bh4
Qe7 15. Nd4 Qd7 16. Bxf6 gxf6 17. O-O-O O-O-O 18. Kb1 Kb8 19. g3 Rde8 20. h4
Ne6 21. Qf5 Qe7 22. N2f3 Nxd4 23. cxd4 Qe6 24. Qc2 Qg4 25. Nd2 Rhg8 26. Rhg1
Qg6 27. Rc1 Qh5 28. a3 Qe2 29. Nb3 Qb5 30. Ka2 Rc8 31. Nc5 Bxc5 32. Qxc5 Qxc5
33. Rxc5 Rc7 34. Rgc1 Rgc8 35. R1c2 b6 36. R5c3 c5 37. dxc5 Rxc5 38. Rxc5 bxc5
39. b4 cxb4 40. Rxc8+ Kxc8 41. axb4 Kc7 42. Kb3 Kb6 43. g4 Kb5 44. f4 a6 45. f5
Kc6 46. Ka4 Kb6 47. h5 Kb7 48. Ka5 Ka7 49. b5 axb5 50. Kxb5 Kb7 51. Kc5 d4 52.
exd4 Kc7 53. Kb5 Kd7 54. Kb6 Kd6 55. Kb7 Kd7 56. d5 Kd6 57. Kc8 Kxd5 58. Kd7
1-0